00477nam a2200169Ia 4500003000900000008004100009040001600050080001700066100001700083245004500100260003200145300001400177650003100191650002800222650003600250650002100286IN-BaIIA211028s9999 xx 000 0 eng d cIIA Library a621.317bHUN aHund, August 0aHigh-frequency measurementscAugust Hund aNew YorkbMcGraw-Hillc1933 axi, 491p. a High Energy Interactions a High Energy Physics  a High Frequency Measurements  aNASA Thesaurus